Normal view
MARC view
- Wright ,pete
Entry Personal Name
001 - CONTROL NUMBER
- control field: 108086
003 - CONTROL NUMBER IDENTIFIER
- control field: NUST
005 - DATE AND TIME OF LATEST TRANSACTION
- control field: 20230130140258.0
008 - FIXED-LENGTH DATA ELEMENTS
- fixed length control field: 230130|| aca||aabn | a|a d
040 ## - CATALOGING SOURCE
- Original cataloging agency: NUST
- Transcribing agency: NUST
100 ## - HEADING--PERSONAL NAME
- Personal name: Wright ,pete
670 ## - SOURCE DATA FOUND
- Source citation: Work cat.: (NUST)181148: Wright ,pete, The Spycatcher affair :, 1991:
